[Event "POL-chT 1st League"]
[Site "Szklarska Poreba"]
[Date "2021.09.11"]
[Round "8.7"]
[White "Pastuszko, Kinga"]
[Black "Kubicka, Anna"]
[Result "0-1"]
[WhiteElo "1984"]
[BlackElo "2274"]
[PlyCount "88"]
[EventDate "2021.09.04"]
[EventType "team-swiss"]
[EventRounds "9"]
[EventCountry "POL"]
[SourceTitle "CBM 204 Extra"]
[Source "ChessBase"]
[SourceDate "2021.11.30"]
[SourceVersion "1"]
[SourceVersionDate "2021.11.30"]
[SourceQuality "1"]
[WhiteTeam "Konin UKS Smecz"]
[BlackTeam "Dabrowa Gornicza Zaglebie"]
[WhiteTeamCountry "POL"]
[BlackTeamCountry "POL"]

1. e4 c6 2. d4 d5 3. exd5 cxd5 4. Bd3 Nc6 5. c3 g6 6. Bf4 Bg7 7. Nf3 Nh6 8. Nbd2 Bf5 9. Nb3 Bxd3 10. Qxd3 b6 11. Qb5 Qd7 12. 0-0 0-0 13. a4 Rad8 14. Rfe1 Nf5 15. Ne5 Nxe5 16. dxe5 e6 17. Nd4 Nxd4 18. cxd4 Qe7 19. Rac1 Rc8 20. Rc6 Rxc6 21. Qxc6 Qb4 22. Qc3 Qxa4 23. b3 Qb5 24. Bg5 h6 25. Bh4 a5 26. h3 Qd7 27. Rc1 Ra8 28. Qb2 b5 29. Bg3 a4 30. b4 Rc8 31. Bf4 Rc4 32. Qd2 Kh7 33. Rxc4 dxc4 34. Qc3 Qd5 35. f3 a3 36. Bc1 a2 37. Bb2 Qa8 38. Kf2 Qa4 39. Kg3 Bf8 40. d5 Bxb4 41. Qd4 Be1+ 42. Kh2 c3 43. Qxa4 bxa4 44. dxe6 fxe6 0-1

[Event "POL-chT 1st League"]
[Site "Szklarska Poreba"]
[Date "2021.09.10"]
[Round "7.9"]
[White "Rudzinska, Michalina"]
[Black "Pastuszko, Kinga"]
[Result "0-1"]
[WhiteElo "2222"]
[BlackElo "1984"]
[PlyCount "74"]
[EventDate "2021.09.04"]
[EventType "team-swiss"]
[EventRounds "9"]
[EventCountry "POL"]
[SourceTitle "CBM 204 Extra"]
[Source "ChessBase"]
[SourceDate "2021.11.30"]
[SourceVersion "1"]
[SourceVersionDate "2021.11.30"]
[SourceQuality "1"]
[WhiteTeam "Strzelce Opolskie Strzelec"]
[BlackTeam "Konin UKS Smecz"]
[WhiteTeamCountry "POL"]
[BlackTeamCountry "POL"]

1. Nf3 Nc6 2. d4 d5 3. b3 Bg4 4. Bb2 e6 5. e3 Nf6 6. Nbd2 Ne4 7. a3 Nxd2 8. Qxd2 Bxf3 9. gxf3 Qf6 10. f4 h6 11. Bb5 g5 12. 0-0-0 gxf4 13. Qa5 Kd8 14. Bxc6 bxc6 15. e4 Rg8 16. Qa6 Kd7 17. c4 f3 18. exd5 exd5 19. Kb1 Rg2 20. Rd2 Bd6 21. Ka2 Qf5 22. Rc1 Re8 23. Rdc2 Re2 24. Rxe2 fxe2 25. cxd5 Qxf2 26. Qxc6+ Kd8 27. Qa8+ Ke7 28. Rxc7+ Bxc7 29. d6+ Kxd6 30. d5 e1Q 31. Qc6+ Ke7 32. Qxc7+ Kf8 33. Qd6+ Qe7 34. Qxh6+ Ke8 35. Qc6+ Kd8 36. Qa8+ Kc7 37. Qc6+ Kb8 0-1

[Event "FIDE World Uni Rapid-F 1st"]
[Site "Tornelo INT"]
[Date "2021.03.20"]
[Round "3"]
[White "Salim, Azoobi"]
[Black "Pastuszko, Kinga"]
[Result "1-0"]
[WhiteElo "1176"]
[BlackElo "1984"]
[PlyCount "91"]
[EventDate "2021.03.20"]
[EventType "swiss (rapid)"]
[EventRounds "12"]
[EventCountry "NET"]
[SourceTitle "EXT 2022"]
[Source "ChessBase"]
[SourceDate "2021.10.06"]
[SourceVersion "1"]
[SourceVersionDate "2021.10.06"]
[SourceQuality "1"]

1. e4 e5 2. Nf3 Nc6 3. Bc4 Nf6 4. Ng5 d5 5. exd5 Na5 6. Bb3 Nxb3 7. axb3 Qxd5 8. d3 Qxg2 9. Rf1 h6 10. Ne4 Nxe4 11. dxe4 Bh3 12. Qe2 Qxf1+ 13. Qxf1 Bxf1 14. Kxf1 Bc5 15. Nc3 0-0-0 16. Nd5 c6 17. Ne3 Rd4 18. f3 Rhd8 19. Ke2 g6 20. c3 R4d6 21. b4 Bb6 22. h4 h5 23. Ra4 Kc7 24. Nc4 Re6 25. Ra1 f5 26. Bg5 Rf8 27. exf5 gxf5 28. Rd1 f4 29. Kd3 e4+ 30. fxe4 f3 31. Rf1 f2 32. Nxb6 axb6 33. Ke3 Rfe8 34. Rxf2 Rxe4+ 35. Kd3 R4e6 36. Rf7+ Kd6 37. Bf4+ Re5 38. Bxe5+ Rxe5 39. Rxb7 b5 40. Rh7 Kd5 41. Rh6 c5 42. bxc5 Kxc5 43. b4+ Kd5 44. Rb6 Re1 45. Rxb5+ Ke6 46. Rxh5 1-0

[Event "POL-chT Academic"]
[Site "Katowice"]
[Date "2020.11.15"]
[Round "9.5"]
[White "Starzec, Patrycja"]
[Black "Pastuszko, Kinga"]
[Result "0-1"]
[WhiteElo "1179"]
[BlackElo "1984"]
[PlyCount "94"]
[EventDate "2020.11.14"]
[EventType "team-swiss (rapid)"]
[EventRounds "9"]
[EventCountry "POL"]
[SourceTitle "CBM 199 Extra"]
[Source "ChessBase"]
[SourceDate "2021.01.31"]
[SourceVersion "1"]
[SourceVersionDate "2021.01.31"]
[SourceQuality "1"]
[WhiteTeam "Rszeszow Politechnika"]
[BlackTeam "Warszawa Kozminskiego Akad"]
[WhiteTeamCountry "POL"]
[BlackTeamCountry "POL"]

1. d4 f5 2. c4 Nf6 3. Nc3 g6 4. Bf4 d6 5. Nf3 Bg7 6. e3 Nh5 7. Bg3 0-0 8. Be2 Nd7 9. 0-0 Nxg3 10. hxg3 e5 11. d5 a5 12. e4 Nc5 13. exf5 gxf5 14. Nd2 Qg5 15. Nb5 Qe7 16. Nb3 Ne4 17. Nc3 Nxc3 18. bxc3 f4 19. gxf4 Rxf4 20. g3 Rf6 21. Nd2 Rh6 22. Bg4 Qg5 23. Bxc8 Rxc8 24. Qf3 Qxd2 25. Rfd1 Qg5 26. Rab1 b6 27. Re1 Qh5 28. Qxh5 Rxh5 29. Re4 Rf5 30. g4 Rf3 31. Rc1 Rcf8 32. Rc2 R8f4 33. Rxf4 Rxf4 34. Kh2 Rxg4 35. f3 Rxc4 36. a3 b5 37. Kg3 b4 38. axb4 axb4 39. Ra2 bxc3 40. Ra8+ Kf7 41. Rd8 c2 42. Rd7+ Kf6 43. Rd8 c1Q 44. Rd7 Qg1+ 45. Kh3 Rc2 46. Rxg7 Kxg7 47. Kh4 Rh2# 0-1

[Event "POL-chT 2nd League"]
[Site "Poronin"]
[Date "2020.09.11"]
[Round "7.5"]
[White "Mirowska, Oliwia"]
[Black "Pastuszko, Kinga"]
[Result "0-1"]
[WhiteElo "1855"]
[BlackElo "1978"]
[PlyCount "64"]
[EventDate "2020.09.05"]
[EventType "team-swiss"]
[EventRounds "9"]
[EventCountry "POL"]
[SourceTitle "CBM 198 Extra"]
[Source "ChessBase"]
[SourceDate "2020.11.30"]
[SourceVersion "1"]
[SourceVersionDate "2020.11.30"]
[SourceQuality "1"]
[WhiteTeam "Pilzno GKSz Hetman"]
[BlackTeam "Konin UKS Smecz"]
[WhiteTeamCountry "POL"]
[BlackTeamCountry "POL"]

1. f4 d5 2. Nf3 c5 3. g3 g6 4. Bg2 Bg7 5. 0-0 Nf6 6. d3 0-0 7. c3 Nc6 8. Na3 Rb8 9. Qe1 d4 10. Nh4 e6 11. Bd2 Nd5 12. Nc2 b5 13. e4 dxe3 14. Nxe3 b4 15. f5 Ne5 16. fxg6 hxg6 17. Nxd5 exd5 18. Bh6 Re8 19. Qd2 bxc3 20. bxc3 Ba6 21. Rfe1 Nxd3 22. Rxe8+ Qxe8 23. Bxg7 Kxg7 24. Bxd5 Qe5 25. Qg2 Qe3+ 26. Kh1 Nf2+ 27. Kg1 Nd1+ 28. Kh1 Rb2 29. Rxd1 Rxg2 30. Nxg2 Qxc3 31. Nf4 c4 32. Rf1 Qd2 0-1

[Event "Krakow op-B 29th"]
[Site "Krakow"]
[Date "2018.12.29"]
[Round "3"]
[White "Pasti, Anna"]
[Black "Pastuszko, Kinga"]
[Result "1/2-1/2"]
[WhiteElo "1832"]
[BlackElo "2029"]
[PlyCount "102"]
[EventDate "2018.12.27"]
[EventType "swiss"]
[EventRounds "9"]
[EventCountry "POL"]
[SourceTitle "CBM 189 Extra"]
[Source "ChessBase"]
[SourceDate "2019.06.03"]
[SourceVersion "1"]
[SourceVersionDate "2019.06.03"]
[SourceQuality "1"]

1. e4 e5 2. Nf3 Nc6 3. Bb5 a6 4. Ba4 Nf6 5. d3 b5 6. Bb3 Be7 7. c3 d6 8. Nbd2 Na5 9. Bc2 c5 10. h3 g6 11. Nf1 h5 12. d4 Qc7 13. Bg5 Bb7 14. Qe2 cxd4 15. cxd4 Nc6 16. dxe5 dxe5 17. a3 0-0 18. Ne3 Nd4 19. Nxd4 exd4 20. Nd1 Nxe4 21. Bxe7 Qxe7 22. Bxe4 Bxe4 23. f3 Qh4+ 24. Qf2 Qxf2+ 25. Nxf2 Bc2 26. Kd2 Rac8 27. Rac1 Bf5 28. g4 hxg4 29. hxg4 Be6 30. Ne4 Kg7 31. g5 Rxc1 32. Rxc1 Bc4 33. Nd6 Rb8 34. b4 Bd5 35. Ne4 Bxe4 36. fxe4 Rh8 37. Kd3 Rh3+ 38. Kxd4 Rxa3 39. Ke5 Rg3 40. Kf4 Rb3 41. Ra1 Rxb4 42. Rxa6 Rb1 43. Rb6 b4 44. Ke5 b3 45. Rb7 b2 46. Rb6 Rg1 47. Rxb2 Rxg5+ 48. Kf4 Rc5 49. Rb3 f6 50. Rb6 Rc4 51. Kf3 Rc1 1/2-1/2

[Event "POL-ch Academic (Women)"]
[Site "Katowice"]
[Date "2018.02.03"]
[Round "9"]
[White "Pastuszko, Kinga"]
[Black "Staniszewska, Urszula"]
[Result "1/2-1/2"]
[WhiteElo "1987"]
[BlackElo "1813"]
[PlyCount "147"]
[EventDate "2018.02.02"]
[EventType "swiss (rapid)"]
[EventRounds "9"]
[EventCountry "POL"]
[SourceTitle "CBM 182 Extra"]
[Source "ChessBase"]
[SourceDate "2018.02.23"]
[SourceVersion "1"]
[SourceVersionDate "2018.02.23"]
[SourceQuality "1"]

1. e4 e5 2. Nf3 Nc6 3. Bc4 Be7 4. 0-0 d6 5. h3 Nf6 6. Nc3 h6 7. d4 exd4 8. Nxd4 Nxd4 9. Qxd4 0-0 10. Bf4 Nd7 11. Nd5 Nb6 12. Nxe7+ Qxe7 13. Bb3 Be6 14. Rfe1 Bxb3 15. axb3 a6 16. Re3 Kh7 17. Rg3 f6 18. Ra5 Rae8 19. f3 g5 20. Bd2 Nd7 21. Rf5 Rg8 22. Qe3 Rg6 23. h4 Reg8 24. hxg5 Rxg5 25. Rfxg5 fxg5 26. Rh3 Qf6 27. Bc3 Qf7 28. e5 dxe5 29. Qe4+ Qg6 30. Qxb7 Qb6+ 31. Qxb6 cxb6 32. Kf2 Kg6 33. Rh1 Re8 34. Rd1 Re7 35. Rd6+ Kh7 36. Rc6 h5 37. Bb4 Rf7 38. Kg3 Kg7 39. Rc7 Kf6 40. Rc6+ Kf5 41. Bd6 Rf6 42. c4 e4 43. fxe4+ Kxe4 44. b4 Kd4 45. c5 Kd5 46. Rc7 bxc5 47. bxc5 Ne5 48. b4 Nc4 49. Rb7 Re6 50. Bf8 Re3+ 51. Kf2 Re8 52. Bd6 Nxd6 53. cxd6 Kxd6 54. Rb6+ Kd5 55. Rxa6 Re5 56. Ra5+ Kd4 57. Rxe5 Kxe5 58. Kf3 Kd5 59. b5 Kc5 60. Ke4 Kxb5 61. Kf5 Kc5 62. Kxg5 Kd5 63. Kxh5 Ke6 64. g4 Ke5 65. Kh6 Kd5 66. g5 Kd6 67. g6 Kc6 68. Kh7 Kc5 69. g7 Kb5 70. g8Q Kb6 71. Qe6+ Kb5 72. Qd5+ Ka4 73. Kg6 Ka3 74. Qc4 1/2-1/2

[Event "POL-ch Academic (Women)"]
[Site "Katowice"]
[Date "2018.02.03"]
[Round "7"]
[White "Pastuszko, Kinga"]
[Black "Tarnowska, Aleksandra"]
[Result "1/2-1/2"]
[WhiteElo "1987"]
[BlackElo "1843"]
[PlyCount "41"]
[EventDate "2018.02.02"]
[EventType "swiss (rapid)"]
[EventRounds "9"]
[EventCountry "POL"]
[SourceTitle "CBM 182 Extra"]
[Source "ChessBase"]
[SourceDate "2018.02.23"]
[SourceVersion "1"]
[SourceVersionDate "2018.02.23"]
[SourceQuality "1"]

1. e4 c5 2. Nf3 e6 3. d4 cxd4 4. Nxd4 a6 5. Bd3 Bc5 6. Nb3 Be7 7. 0-0 Qc7 8. Nc3 d6 9. f4 Nd7 10. Be3 Ngf6 11. Qf3 b6 12. g4 Nc5 13. Bxc5 dxc5 14. Nd2 Bb7 15. a4 Rd8 16. Nc4 Nd7 17. g5 g6 18. h4 h6 19. Rae1 hxg5 20. fxg5 f5 21. gxf6 1/2-1/2

[Event "POL-ch Academic (Women)"]
[Site "Katowice"]
[Date "2018.02.02"]
[Round "2"]
[White "Pastuszko, Kinga"]
[Black "Lach, Aleksandra"]
[Result "1-0"]
[WhiteElo "1987"]
[BlackElo "2209"]
[PlyCount "65"]
[EventDate "2018.02.02"]
[EventType "swiss (rapid)"]
[EventRounds "9"]
[EventCountry "POL"]
[SourceTitle "CBM 182 Extra"]
[Source "ChessBase"]
[SourceDate "2018.02.23"]
[SourceVersion "1"]
[SourceVersionDate "2018.02.23"]
[SourceQuality "1"]

1. e4 c5 2. Nf3 d6 3. d4 cxd4 4. Nxd4 Nf6 5. Nc3 a6 6. Bg5 e6 7. Qd2 h6 8. Bxf6 Qxf6 9. 0-0-0 Nc6 10. Nb3 g5 11. h4 gxh4 12. f4 h5 13. Kb1 Bh6 14. Qxd6 Bxf4 15. Qc5 Qe7 16. Qb6 Bc7 17. Qf2 Bg3 18. Qb6 Qc7 19. Qc5 b6 20. Qg5 Qe7 21. Qe3 Qc7 22. Qg5 Qf4 23. Qxf4 Bxf4 24. Rxh4 Bg3 25. Rh1 h4 26. Be2 Ke7 27. Rd3 Ne5 28. Rxg3 Bb7 29. Rgh3 Ng6 30. Bf3 b5 31. Nc5 Bc6 32. Nd3 Rad8 33. e5 1-0

[Event "Krakow op-B 28th"]
[Site "Krakow"]
[Date "2017.12.31"]
[Round "6"]
[White "Pastuszko, Kinga"]
[Black "Dwilewicz, Agata"]
[Result "1-0"]
[WhiteElo "1975"]
[BlackElo "1904"]
[PlyCount "59"]
[EventDate "2017.12.27"]
[EventType "swiss"]
[EventRounds "9"]
[EventCountry "POL"]
[SourceTitle "CBM 182 Extra"]
[Source "ChessBase"]
[SourceDate "2018.02.23"]
[SourceVersion "1"]
[SourceVersionDate "2018.02.23"]
[SourceQuality "1"]

1. e4 e5 2. Nf3 Nc6 3. Bc4 Bc5 4. c3 Nf6 5. d4 exd4 6. e5 d5 7. Bb5 Ne4 8. cxd4 Bb6 9. Be3 0-0 10. Bxc6 bxc6 11. Nc3 Nxc3 12. bxc3 Ba6 13. Qa4 Bb5 14. Qc2 a5 15. Ng5 g6 16. h4 Qd7 17. e6 fxe6 18. h5 h6 19. Qxg6+ Qg7 20. Qxg7+ Kxg7 21. Nxe6+ Kh7 22. Nxf8+ Rxf8 23. Kd2 Ba6 24. Rh3 Rf6 25. Rg3 Rf5 26. Rh1 Bc8 27. Rg6 Bd7 28. Rxh6+ Kg7 29. g4 Rf8 30. g5 1-0

[Event "Krakow op-B 28th"]
[Site "Krakow"]
[Date "2017.12.28"]
[Round "2"]
[White "Pastuszko, Kinga"]
[Black "Suder, Jakub"]
[Result "1-0"]
[WhiteElo "1975"]
[BlackElo "1768"]
[PlyCount "45"]
[EventDate "2017.12.27"]
[EventType "swiss"]
[EventRounds "9"]
[EventCountry "POL"]
[SourceTitle "CBM 182 Extra"]
[Source "ChessBase"]
[SourceDate "2018.02.23"]
[SourceVersion "1"]
[SourceVersionDate "2018.02.23"]
[SourceQuality "1"]

1. e4 c5 2. Nf3 e6 3. d4 cxd4 4. Nxd4 a6 5. Bd3 Qc7 6. 0-0 Nf6 7. c3 Nc6 8. Kh1 Ne5 9. Bc2 d6 10. f4 Ned7 11. g4 Nc5 12. b4 Ncxe4 13. g5 Nxc3 14. Nxc3 Qxc3 15. gxf6 Qxa1 16. Qd3 Qxa2 17. Bb3 Qa1 18. Be3 Qxf1+ 19. Qxf1 gxf6 20. f5 e5 21. Qc4 Be7 22. Qxf7+ Kd8 23. Nc6+ 1-0

[Event "Krakow op-B 28th"]
[Site "Krakow"]
[Date "2017.12.27"]
[Round "1"]
[White "Meers, Hubert"]
[Black "Pastuszko, Kinga"]
[Result "1/2-1/2"]
[WhiteElo "1786"]
[BlackElo "1975"]
[PlyCount "74"]
[EventDate "2017.12.27"]
[EventType "swiss"]
[EventRounds "9"]
[EventCountry "POL"]
[SourceTitle "CBM 182 Extra"]
[Source "ChessBase"]
[SourceDate "2018.02.23"]
[SourceVersion "1"]
[SourceVersionDate "2018.02.23"]
[SourceQuality "1"]

1. e4 e5 2. Nf3 Nc6 3. Bb5 Nge7 4. 0-0 d6 5. c3 a6 6. Ba4 Bd7 7. d4 Ng6 8. Re1 Be7 9. Nbd2 h6 10. Nf1 Bg5 11. Ne3 Nf4 12. Bxc6 Bxc6 13. dxe5 Bxe4 14. exd6 0-0 15. Nc4 Re8 16. d7 Re7 17. Nxg5 hxg5 18. Bxf4 gxf4 19. Qg4 Bd5 20. Qxf4 Bxc4 21. Qxc4 Rxe1+ 22. Rxe1 Qxd7 23. g3 Rd8 24. Qe4 b6 25. Qe7 Qxe7 26. Rxe7 Rd2 27. Rxc7 Rxb2 28. Rb7 b5 29. a4 Rc2 30. axb5 axb5 31. Rxb5 Rxc3 32. Kg2 g6 33. g4 Kg7 34. f3 Rc1 35. h4 Ra1 36. Rb6 Ra5 37. Kg3 Ra4 1/2-1/2

[Event "POL-chT 2nd League"]
[Site "Szklarska Poreba"]
[Date "2017.09.10"]
[Round "9.13"]
[White "Bukowska, Katarzyna"]
[Black "Pastuszko, Kinga"]
[Result "0-1"]
[WhiteElo "1912"]
[BlackElo "1971"]
[PlyCount "105"]
[EventDate "2017.09.02"]
[EventType "team-swiss"]
[EventRounds "9"]
[EventCountry "POL"]
[SourceTitle "CBM 180 Extra"]
[Source "ChessBase"]
[SourceDate "2017.10.06"]
[SourceVersion "1"]
[SourceVersionDate "2017.10.06"]
[SourceQuality "1"]
[WhiteTeam "Konin Hetman"]
[BlackTeam "Konin UKS Smecz"]
[WhiteTeamCountry "POL"]
[BlackTeamCountry "POL"]

1. e4 c5 2. Nf3 d6 3. d4 cxd4 4. Nxd4 Nf6 5. Nc3 a6 6. g3 e5 7. Nde2 Be6 8. Bg2 Be7 9. 0-0 Nbd7 10. h3 b5 11. a3 Rc8 12. Be3 Nb6 13. b3 0-0 14. Kh2 Nfd7 15. f4 f6 16. Qd2 Qc7 17. Rfd1 Bf7 18. Bf3 Rfd8 19. Bg4 h5 20. Bf3 g6 21. Bg2 Nc5 22. Qe1 Qc6 23. Qf2 a5 24. Rd2 a4 25. b4 Ncd7 26. Nd5 Nxd5 27. exd5 Qb7 28. Rf1 Rc4 29. fxe5 Nxe5 30. Nf4 Rc3 31. Bd4 Rxa3 32. Bxe5 fxe5 33. Nxh5 Bg5 34. Nf6+ Kg7 35. Ng4 Rf8 36. Rdd1 Qc8 37. Qe2 Qc4 38. Qxc4 bxc4 39. h4 Bd8 40. Ra1 Rc3 41. Rxa4 Rxc2 42. Ra7 c3 43. Rd7 Rd2 44. Rxd6 c2 45. Ne3 Re2 46. Nc4 Bxd5 47. Rd7+ Kg8 48. Rxf8+ Kxf8 49. Rxd8+ Kg7 50. Rxd5 c1Q 51. Nxe5 Qb2 52. Rd7+ Kf6 53. Ng4+ 0-1